|
|
|
|
| LEADER |
00000ny a22000003n 4500 |
| 005 |
20110516143045.0 |
| 008 |
090603c19uu9999us fr p 0 a0eng |
| 010 |
|
|
|a 2009203102
|
| 022 |
0 |
|
|a 1948-9145
|
| 035 |
|
|
|a 5219
|
| 040 |
|
|
|a DLC
|c DLC
|d vLex
|
| 050 |
0 |
0 |
|a JC319
|b .G488
|
| 050 |
0 |
0 |
|a JC319
|b .G488
|
| 082 |
1 |
0 |
|a 327
|2 14
|
| 090 |
|
|
|c 1983
|d 1983
|
| 245 |
0 |
0 |
|a Geopolitics, history and international relations
|h [Recurso electrn̤ico]
|
| 256 |
|
|
|a Servicio en ln̕ea
|
| 260 |
|
|
|a Woodside, N.Y. :
|b Addleton Academic Publishers
|
| 310 |
|
|
|a Semestral
|
| 506 |
1 |
|
|a Contenido solo disponible en los productos indicados
|d vLex Global
|d vLex Global (Academic Edition, excluding Law Schools)
|d vLex Global (U.S. Academic Edition, excluding Law Schools)
|
| 650 |
0 |
4 |
|a Geopolt̕ica
|x Historia
|x Publicaciones perid̤icas
|
| 650 |
0 |
4 |
|a Relaciones internacionales
|x Publicaciones perid̤icas
|
| 740 |
|
|
|a vLex Revista (Servicios en ln̕ea)
|
| 843 |
|
|
|a Electrn̤ica. Abierta
|
| 853 |
|
|
|8 1
|i (year)
|j (month)
|k (day)
|
| 856 |
4 |
0 |
|z Acceso restringido
|u http://vlex.com/account/login_ip?fuente_id=5219
|
| 942 |
|
|
|c REV
|
| 999 |
|
0 |
|a Geopolitics
|v Periodicals.
|
| 999 |
|
0 |
|a Geopolitics
|v Periodicals.
|
| 999 |
|
0 |
|a History
|v Periodicals.
|
| 999 |
|
0 |
|a International relations
|v Periodicals.
|
| 999 |
|
0 |
|a World politics
|v Periodicals.
|